| 000 | 00786nam a22002297a 4500 | ||
|---|---|---|---|
| 999 |
_c6930 _d6930 |
||
| 003 | AR-CdUCM | ||
| 008 | 190319b ||||| |||| 00| 0 spa d | ||
| 040 |
_aMUNICIPALIDAD PROVINCIAL DEL CUSCO _cBIBLIOTECA MUNICIPAL DEL CUSCO |
||
| 082 |
_a589.2 / _bF49 |
||
| 100 |
_aFinch, H. C _919528 |
||
| 245 | _aLos hongos comunes que atacan cultivos en América Latina / | ||
| 260 |
_aMéxico : _bEdit. Trillas, _c1974. |
||
| 300 |
_a188 paginas ; _bIlustraciones, _c23 cm. |
||
| 505 | _aContenido:Ciento cuarenta y cuatro géneros de hongos patógenos de las plantas / | ||
| 650 |
_aHongos (Bacteriología) _919529 |
||
| 650 |
_aAmérica Latina. _91130 |
||
| 650 |
_aAgricultura _9320 |
||
| 650 |
_aPlantas _919530 |
||
| 700 |
_aFinch, A.N _919531 |
||
| 942 |
_2ddc _cLIBROS |
||
| 945 | _arjall | ||